[Event "Priit Leito Memorial Tournament"]
[Site "Tallinn, Paul Keres Chess House, Estonia"]
[Date "2023.02.04"]
[Round "2.4"]
[White "Raag, Ardi"]
[Black "Miezis, Normunds"]
[Result "0-1"]
[TimeControl " Rapid: 15 minutes for game with 3 seconds increment from move 1"]
[BlackTitle "GM"]
[WhiteElo "2001"]
[BlackElo "2502"]

1. e4 {

[%clk 00:15:05]

} {

[%emt 00:00:01]

} c5 {

[%clk 00:15:03]

} {

[%emt 00:00:03]

} 2. c3 {

[%clk 00:15:06]

} {

[%emt 00:00:02]

} d5 {

[%clk 00:14:59]

} {

[%emt 00:00:07]

} 3. exd5 {

[%clk 00:15:07]

} {

[%emt 00:00:02]

} Qxd5 {

[%clk 00:14:59]

} {

[%emt 00:00:03]

} 4. d4 {

[%clk 00:15:08]

} {

[%emt 00:00:02]

} e6 {

[%clk 00:14:53]

} {

[%emt 00:00:09]

} 5. Nf3 {

[%clk 00:15:07]

} {

[%emt 00:00:05]

} Nf6 {

[%clk 00:14:51]

} {

[%emt 00:00:04]

} 6. Na3 {

[%clk 00:14:53]

} {

[%emt 00:00:18]

} cxd4 {

[%clk 00:14:45]

} {

[%emt 00:00:08]

} 7. Nb5 {

[%clk 00:14:53]

} {

[%emt 00:00:04]

} Na6 {

[%clk 00:14:43]

} {

[%emt 00:00:05]

} 8. Nbxd4 {

[%clk 00:14:06]

} {

[%emt 00:00:50]

} Be7 {

[%clk 00:14:31]

} {

[%emt 00:00:15]

} 9. Bxa6 {

[%clk 00:13:46]

} {

[%emt 00:00:23]

} bxa6 {

[%clk 00:14:28]

} {

[%emt 00:00:05]

} 10. Qa4+ {

[%clk 00:13:22]

} {

[%emt 00:00:27]

} Bd7 {

[%clk 00:13:04]

} {

[%emt 00:01:27]

} 11. Qb3 {

[%clk 00:11:42]

} {

[%emt 00:01:43]

} Qe4+ {

[%clk 00:12:20]

} {

[%emt 00:00:46]

} 12. Be3 {

[%clk 00:11:38]

} {

[%emt 00:00:08]

} O-O {

[%clk 00:11:55]

} {

[%emt 00:00:28]

} 13. O-O {

[%clk 00:11:35]

} {

[%emt 00:00:06]

} Rfb8 {

[%clk 00:11:47]

} {

[%emt 00:00:10]

} 14. Qd1 {

[%clk 00:10:02]

} {

[%emt 00:01:36]

} Rxb2 {

[%clk 00:11:29]

} {

[%emt 00:00:21]

} 15. Nd2 {

[%clk 00:09:39]

} {

[%emt 00:00:26]

} Qd3 {

[%clk 00:10:41]

} {

[%emt 00:00:51]

} 16. Qf3 {

[%clk 00:08:14]

} {

[%emt 00:01:28]

} Rc8 {

[%clk 00:10:33]

} {

[%emt 00:00:11]

} 17. N2b3 {

[%clk 00:07:54]

} {

[%emt 00:00:24]

} e5 {

[%clk 00:09:27]

} {

[%emt 00:01:08]

} 18. Bc1 {

[%clk 00:06:11]

} {

[%emt 00:01:46]

} Qxf3 {

[%clk 00:09:24]

} {

[%emt 00:00:06]

} 19. Nxf3 {

[%clk 00:05:43]

} {

[%emt 00:00:31]

} Re2 {

[%clk 00:09:19]

} {

[%emt 00:00:07]

} 20. Be3 {

[%clk 00:05:43]

} {

[%emt 00:00:04]

} Ng4 {

[%clk 00:08:51]

} {

[%emt 00:00:30]

} 21. Bxa7 {

[%clk 00:04:56]

} {

[%emt 00:00:50]

} f6 {

[%clk 00:08:07]

} {

[%emt 00:00:47]

} 22. h3 {

[%clk 00:03:34]

} {

[%emt 00:01:26]

} Nh6 {

[%clk 00:08:06]

} {

[%emt 00:00:03]

} 23. Rfd1 {

[%clk 00:02:34]

} {

[%emt 00:01:03]

} Ba4 {

[%clk 00:08:04]

} {

[%emt 00:00:05]

} 24. Be3 {

[%clk 00:01:42]

} {

[%emt 00:00:56]

} Rxc3 {

[%clk 00:07:44]

} {

[%emt 00:00:22]

} 25. Bxh6 {

[%clk 00:01:21]

} {

[%emt 00:00:24]

} gxh6 {

[%clk 00:07:43]

} {

[%emt 00:00:03]

} 26. Rd2 {

[%clk 00:00:25]

} {

[%emt 00:00:59]

} Rxd2 {

[%clk 00:07:20]

} {

[%emt 00:00:26]

} 27. Nfxd2 {

[%clk 00:00:26]

} {

[%emt 00:00:02]

} Rc2 {

[%clk 00:07:08]

} {

[%emt 00:00:14]

} 28. Rc1 {

[%clk 00:00:05]

} {

[%emt 00:00:25]

} Rxa2 {

[%clk 00:06:58]

} {

[%emt 00:00:12]

} 0-1

[Event "Priit Leito Memorial Tournament"]
[Site "Tallinn, Paul Keres Chess House, Estonia"]
[Date "2023.02.04"]
[Round "2.5"]
[White "Ehlvest, Jaan"]
[Black "Puusepp, Kaimar"]
[Result "1-0"]
[TimeControl " Rapid: 15 minutes for game with 3 seconds increment from move 1"]
[WhiteTitle "GM"]
[BlackTitle "CM"]
[WhiteElo "2494"]
[BlackElo "1996"]

1. e4 {

[%clk 00:15:03]

} {

[%emt 00:00:02]

} g6 {

[%clk 00:15:02]

} {

[%emt 00:00:05]

} 2. d4 {

[%clk 00:15:03]

} {

[%emt 00:00:02]

} Bg7 {

[%clk 00:15:05]

} 3. c4 {

[%clk 00:15:04]

} {

[%emt 00:00:03]

} d6 {

[%clk 00:15:05]

} {

[%emt 00:00:03]

} 4. Nc3 {

[%clk 00:15:04]

} {

[%emt 00:00:02]

} Nf6 {

[%clk 00:15:07]

} 5. f3 {

[%clk 00:15:04]

} {

[%emt 00:00:04]

} O-O {

[%clk 00:15:08]

} {

[%emt 00:00:02]

} 6. Nge2 {

[%clk 00:15:06]

} {

[%emt 00:00:01]

} b6 {

[%clk 00:15:11]

} {

[%emt 00:00:01]

} 7. Bg5 {

[%clk 00:15:02]

} {

[%emt 00:00:06]

} c5 {

[%clk 00:15:08]

} {

[%emt 00:00:06]

} 8. d5 {

[%clk 00:15:01]

} {

[%emt 00:00:04]

} h6 {

[%clk 00:15:01]

} {

[%emt 00:00:11]

} 9. Be3 {

[%clk 00:15:01]

} {

[%emt 00:00:02]

} e6 {

[%clk 00:14:34]

} {

[%emt 00:00:30]

} 10. Ng3 {

[%clk 00:15:02]

} {

[%emt 00:00:01]

} exd5 {

[%clk 00:14:36]

} {

[%emt 00:00:02]

} 11. cxd5 {

[%clk 00:15:03]

} {

[%emt 00:00:01]

} a6 {

[%clk 00:14:35]

} {

[%emt 00:00:05]

} 12. a4 {

[%clk 00:15:03]

} {

[%emt 00:00:02]

} Nbd7 {

[%clk 00:14:25]

} {

[%emt 00:00:13]

} 13. Be2 {

[%clk 00:15:05]

} {

[%emt 00:00:01]

} Ne5 {

[%clk 00:14:05]

} {

[%emt 00:00:24]

} 14. O-O {

[%clk 00:15:03]

} {

[%emt 00:00:03]

} h5 {

[%clk 00:13:18]

} {

[%emt 00:00:50]

} 15. Nh1 {

[%clk 00:15:02]

} {

[%emt 00:00:04]

} Rb8 {

[%clk 00:13:07]

} {

[%emt 00:00:15]

} 16. Nf2 {

[%clk 00:14:56]

} {

[%emt 00:00:08]

} Re8 {

[%clk 00:12:52]

} {

[%emt 00:00:18]

} 17. Qd2 {

[%clk 00:14:29]

} {

[%emt 00:00:29]

} Kh7 {

[%clk 00:12:45]

} {

[%emt 00:00:11]

} 18. Rab1 {

[%clk 00:14:28]

} {

[%emt 00:00:04]

} c4 {

[%clk 00:12:22]

} {

[%emt 00:00:27]

} 19. b3 {

[%clk 00:14:05]

} {

[%emt 00:00:26]

} cxb3 {

[%clk 00:10:32]

} {

[%emt 00:01:53]

} 20. Rxb3 {

[%clk 00:14:06]

} {

[%emt 00:00:02]

} b5 {

[%clk 00:10:10]

} {

[%emt 00:00:25]

} 21. axb5 {

[%clk 00:14:00]

} {

[%emt 00:00:09]

} axb5 {

[%clk 00:10:13]

} 22. Nxb5 {

[%clk 00:13:27]

} {

[%emt 00:00:35]

} Ba6 {

[%clk 00:09:36]

} {

[%emt 00:00:40]

} 23. Rc1 {

[%clk 00:12:55]

} {

[%emt 00:00:34]

} Bxb5 {

[%clk 00:09:31]

} {

[%emt 00:00:09]

} 24. Rxb5 {

[%clk 00:12:49]

} {

[%emt 00:00:09]

} Rc8 {

[%clk 00:09:00]

} {

[%emt 00:00:35]

} 25. Rbb1 {

[%clk 00:12:22]

} {

[%emt 00:00:29]

} Rxc1+ {

[%clk 00:08:24]

} {

[%emt 00:00:38]

} 26. Rxc1 {

[%clk 00:12:17]

} {

[%emt 00:00:08]

} Qb8 {

[%clk 00:08:15]

} {

[%emt 00:00:12]

} 27. h3 {

[%clk 00:11:49]

} {

[%emt 00:00:31]

} Rc8 {

[%clk 00:08:05]

} {

[%emt 00:00:13]

} 28. f4 {

[%clk 00:11:37]

} {

[%emt 00:00:15]

} Ned7 {

[%clk 00:07:58]

} {

[%emt 00:00:11]

} 29. Rc6 {

[%clk 00:11:10]

} {

[%emt 00:00:29]

} Re8 {

[%clk 00:07:40]

} {

[%emt 00:00:21]

} 30. Bf3 {

[%clk 00:10:32]

} {

[%emt 00:00:41]

} Bf8 {

[%clk 00:07:00]

} {

[%emt 00:00:43]

} 31. g4 {

[%clk 00:10:25]

} {

[%emt 00:00:09]

} hxg4 {

[%clk 00:06:59]

} {

[%emt 00:00:05]

} 32. hxg4 {

[%clk 00:10:27]

} {

[%emt 00:00:01]

} Qb1+ {

[%clk 00:06:41]

} {

[%emt 00:00:20]

} 33. Rc1 {

[%clk 00:09:54]

} {

[%emt 00:00:35]

} Qb5 {

[%clk 00:06:21]

} {

[%emt 00:00:23]

} 34. g5 {

[%clk 00:09:47]

} {

[%emt 00:00:10]

} Ng8 {

[%clk 00:06:04]

} {

[%emt 00:00:20]

} 35. Kg2 {

[%clk 00:08:36]

} {

[%emt 00:01:13]

} f6 {

[%clk 00:05:41]

} {

[%emt 00:00:27]

} 36. Bd4 {

[%clk 00:08:21]

} {

[%emt 00:00:18]

} Be7 {

[%clk 00:05:32]

} {

[%emt 00:00:13]

} 37. Bg4 {

[%clk 00:08:03]

} {

[%emt 00:00:20]

} Nc5 {

[%clk 00:05:24]

} {

[%emt 00:00:11]

} 38. Qc3 {

[%clk 00:06:40]

} {

[%emt 00:01:26]

} Rf8 {

[%clk 00:03:40]

} {

[%emt 00:01:48]

} 39. Be6 {

[%clk 00:06:22]

} {

[%emt 00:00:20]

} Nxe6 {

[%clk 00:03:34]

} {

[%emt 00:00:09]

} 40. dxe6 {

[%clk 00:06:21]

} {

[%emt 00:00:03]

} d5 {

[%clk 00:02:50]

} {

[%emt 00:00:48]

} 41. Rh1+ {

[%emt 00:00:04]

} Kg7 42. Qh3 {

[%clk 00:06:19]

} {

[%emt 00:00:02]

} 1-0

[Event "Priit Leito Memorial Tournament"]
[Site "Tallinn, Paul Keres Chess House, Estonia"]
[Date "2023.02.04"]
[Round "2.6"]
[White "Andrijashkin, Deniss"]
[Black "Volodin, Aleksandr"]
[Result "0-1"]
[TimeControl " Rapid: 15 minutes for game with 3 seconds increment from move 1"]
[BlackTitle "GM"]
[WhiteElo "1992"]
[BlackElo "2471"]

1. e4 {

[%clk 00:15:04]

} {

[%emt 00:00:01]

} c5 {

[%clk 00:15:05]

} {

[%emt 00:00:01]

} 2. Nf3 {

[%clk 00:15:04]

} {

[%emt 00:00:02]

} d6 {

[%clk 00:15:07]

} {

[%emt 00:00:01]

} 3. Bb5+ {

[%clk 00:14:53]

} {

[%emt 00:00:14]

} Nd7 {

[%clk 00:15:04]

} {

[%emt 00:00:06]

} 4. Ba4 {

[%clk 00:14:55]

} {

[%emt 00:00:02]

} a6 {

[%clk 00:15:04]

} {

[%emt 00:00:03]

} 5. c4 {

[%clk 00:14:57]

} Ngf6 {

[%clk 00:13:36]

} {

[%emt 00:01:31]

} 6. O-O {

[%clk 00:14:55]

} {

[%emt 00:00:04]

} e6 {

[%clk 00:11:51]

} {

[%emt 00:01:48]

} 7. Nc3 {

[%clk 00:12:23]

} {

[%emt 00:02:35]

} Be7 {

[%clk 00:11:52]

} {

[%emt 00:00:02]

} 8. d4 {

[%clk 00:11:19]

} {

[%emt 00:01:07]

} cxd4 {

[%clk 00:11:53]

} {

[%emt 00:00:02]

} 9. Nxd4 {

[%clk 00:11:14]

} {

[%emt 00:00:08]

} O-O {

[%clk 00:11:53]

} {

[%emt 00:00:02]

} 10. Be3 {

[%clk 00:10:31]

} {

[%emt 00:00:46]

} Qc7 {

[%clk 00:11:55]

} {

[%emt 00:00:01]

} 11. Rc1 {

[%clk 00:10:11]

} {

[%emt 00:00:24]

} Ne5 {

[%clk 00:11:49]

} {

[%emt 00:00:09]

} 12. Bb3 {

[%clk 00:09:11]

} {

[%emt 00:01:02]

} b6 {

[%clk 00:11:45]

} {

[%emt 00:00:07]

} 13. f3 {

[%clk 00:07:14]

} {

[%emt 00:02:01]

} Bb7 {

[%clk 00:11:47]

} {

[%emt 00:00:01]

} 14. Qd2 {

[%clk 00:06:08]

} {

[%emt 00:01:08]

} Rac8 {

[%clk 00:11:49]

} {

[%emt 00:00:02]

} 15. Nce2 {

[%clk 00:05:22]

} {

[%emt 00:00:48]

} Nfd7 {

[%clk 00:11:06]

} {

[%emt 00:00:46]

} 16. a3 {

[%clk 00:04:14]

} {

[%emt 00:01:12]

} Qb8 {

[%clk 00:10:05]

} {

[%emt 00:01:03]

} 17. Ba2 {

[%clk 00:04:12]

} {

[%emt 00:00:05]

} Rc7 {

[%clk 00:09:16]

} {

[%emt 00:00:52]

} 18. Nf4 {

[%clk 00:03:33]

} {

[%emt 00:00:42]

} Rfc8 {

[%clk 00:08:22]

} {

[%emt 00:00:58]

} 19. Qe2 {

[%clk 00:03:22]

} {

[%emt 00:00:13]

} Nf8 {

[%clk 00:08:11]

} {

[%emt 00:00:14]

} 20. Rfd1 {

[%clk 00:02:27]

} {

[%emt 00:00:57]

} Ba8 {

[%clk 00:07:38]

} {

[%emt 00:00:36]

} 21. Nh5 {

[%clk 00:01:56]

} {

[%emt 00:00:34]

} Neg6 {

[%clk 00:06:45]

} {

[%emt 00:00:57]

} 22. Bb1 {

[%clk 00:01:32]

} {

[%emt 00:00:27]

} Nd7 {

[%clk 00:05:49]

} {

[%emt 00:00:58]

} 23. f4 {

[%clk 00:00:28]

} {

[%emt 00:01:07]

} Bf8 {

[%clk 00:05:41]

} {

[%emt 00:00:11]

} 24. Qg4 {

[%clk 00:00:13]

} {

[%emt 00:00:18]

} e5 {

[%clk 00:03:36]

} {

[%emt 00:02:08]

} 25. Nf5 {

[%clk 00:00:06]

} {

[%emt 00:00:09]

} Nc5 {

[%clk 00:01:44]

} {

[%emt 00:01:55]

} 26. Nxd6 {

[%clk 00:00:05]

} {

[%emt 00:00:05]

} Rd8 {

[%clk 00:01:12]

} {

[%emt 00:00:35]

} 27. Nf5 {

[%clk 00:00:05]

} {

[%emt 00:00:03]

} Bxe4 {

[%clk 00:00:38]

} {

[%emt 00:00:36]

} 28. Bxe4 {

[%emt 00:00:05]

} Nxe4 {

[%clk 00:00:37]

} {

[%emt 00:00:04]

} 29. Rxd8 {

[%clk 00:00:06]

} Qxd8 {

[%emt 00:00:01]

} 30. Rd1 Qe8 {

[%clk 00:00:23]

} {

[%emt 00:00:18]

} 31. fxe5 {

[%clk 00:00:10]

} {

[%emt 00:00:02]

} Rxc4 {

[%clk 00:00:09]

} {

[%emt 00:00:17]

} 32. Qe2 {

[%clk 00:00:09]

} {

[%emt 00:00:04]

} b5 {

[%clk 00:00:08]

} {

[%emt 00:00:05]

} 33. b3 {

[%clk 00:00:11]

} {

[%emt 00:00:01]

} Nc3 {

[%clk 00:00:09]

} {

[%emt 00:00:02]

} 34. Qd2 {

[%clk 00:00:08]

} {

[%emt 00:00:05]

} Nxd1 {

[%clk 00:00:04]

} {

[%emt 00:00:08]

} 35. bxc4 {

[%clk 00:00:06]

} {

[%emt 00:00:05]

} Nxe3 {

[%clk 00:00:06]

} 36. Qxe3 {

[%clk 00:00:04]

} {

[%emt 00:00:06]

} bxc4 {

[%clk 00:00:08]

} 37. a4 {

[%clk 00:00:04]

} {

[%emt 00:00:03]

} Qxe5 {

[%clk 00:00:10]

} {

[%emt 00:00:02]

} 0-1